| 000 | 01098nam a2200217 i 4500 | ||
|---|---|---|---|
| 001 | 163014 | ||
| 003 | ES-MaACL | ||
| 005 | 20251001144526.0 | ||
| 008 | 050916s1892 sp |||| | spa d | ||
| 110 | 2 |
_aReal Academia de Bellas Artes de San Carlos (Valencia) _96290 |
|
| 245 | 1 | 0 | _aMemoria de la sesión pública que celebró la Real Academia de Bellas Artes de San Carlos de Valencia el día 2 de octubre de 1892 con motivo de la apertura del curso de 1892 a 1893. |
| 260 |
_aValencia : _b[s.n.], _c1892 ( _fImp. de F. Domenech) |
||
| 300 |
_a58 p. ; _c26 cm. |
||
| 505 | 8 | _aContiene: Memoria leída por Luis Tramoyeres Blasco (p.1-15) - La pintura sobre cerámica : discurso leído por ... el Marqués de Cáceres | |
| 610 | 2 | 4 |
_aReal Academia de Bellas Artes de San Carlos (Valencia)- _vMemorias. _9151459 |
| 650 | 4 |
_aCerámica. _9135756 |
|
| 700 | 1 |
_aTramoyeres Blasco, Luis. _9111218 |
|
| 700 | 1 |
_aNoguera Aquavera, Vicente, _cMarqués de Cáceres _933341 |
|
| 852 |
_aES-MaACL _jT-669-F-7 _z- Enc. hol. conservando cub. original _z- Enc. en un vol. facticio |
||
| 999 |
_c163014 _d163014 |
||